Catálogo

Vista normal Vista MARC

Entrada Personal Name

Número de registros utilizados en: 1

001 - CONTROL NUMBER

  • control field: 9561

003 - CONTROL NUMBER IDENTIFIER

  • control field: DLC

005 - DATE AND TIME OF LATEST TRANSACTION

  • control field: 20220512100005.0

008 - FIXED-LENGTH DATA ELEMENTS

  • fixed length control field: 010727n| acannaabn |n aaa

010 ## - LIBRARY OF CONGRESS CONTROL NUMBER

  • LC control number: n 2001012544

040 ## - CATALOGING SOURCE

  • Original cataloging agency: DLC
  • Language of cataloging: spa
  • Transcribing agency: Mx-PuUPA
  • Modifying agency: Mx-PuUPA
  • Description conventions: rda

100 1# - HEADING--PERSONAL NAME

  • Personal name: Lengyel, Eric,

374 ## - OCCUPATION

  • Occupation: Autor

375 ## - GENDER

  • Gender: hombre

377 ## - ASSOCIATED LANGUAGE

  • Language code: eng

670 ## - SOURCE DATA FOUND

  • Source citation: Lengyel, Eric. Mathematics for 3D game programming and computer graphics, 2001:
  • Information found: CIP t.p. (Eric Lengyel)

670 ## - SOURCE DATA FOUND

  • Source citation: Mathematics for 3D game programming and computer graphics, 2002
  • Information found: Portada (Lengyel, Eric)